Bosquejo de la historia de Puerto Rico (1493-1891) (Record no. 14457)

MARC details
000 -LEADER
campo de control de longitud fija 01010cam a22002891 4500
001 - NÚMERO DE CONTROL
campo de control 37585
005 - FECHA Y HORA DE LA ÚLTIMA TRANSACCIÓN
campo de control 20230410101816.0
008 - DATOS DE LONGITUD FIJA--INFORMACIÓN GENERAL
campo de control de longitud fija 750127s1972 pr c b 000 0 spa
035 ## - NÚMERO DE CONTROL DEL SISTEMA
-- (DLC) 72351403
035 ## - NÚMERO DE CONTROL DEL SISTEMA
Número de control de sistema 9922012
010 ## - NÚMERO DE CONTROL DE LA BIBLIOTECA DEL CONGRESO
Número de control de LC 72351403
035 ## - NÚMERO DE CONTROL DEL SISTEMA
Número de control de sistema (OCoLC)1152718
040 ## - FUENTE DE CATALOGACIÓN
Centro catalogador/agencia de origen DLC
Centro/agencia transcriptor NAlU
Centro/agencia modificador OCoLC
-- DLC
042 ## - CÓDIGO DE AUTENTICACIÓN
Código de autenticación premarc
050 14 - SIGNATURA TOPOGRÁFICA DE LA BIBLIOTECA DEL CONGRESO
Número de clasificación 117 F 1973
Número de ítem G633b 1972
100 1# - ENTRADA PRINCIPAL--NOMBRE DE PERSONA
Nombre de persona Gómez, Juan Gualberto,
Fechas asociadas al nombre 1854-1933.
245 10 - MENCIÓN DEL TÍTULO
Título Bosquejo de la historia de Puerto Rico (1493-1891)
Mención de responsabilidad, etc. [por] Juan Gualberto Gómez y Antonio Sendras Burín. Ed. y notas de Leví Marrero.
260 ## - PUBLICACIÓN, DISTRIBUCIÓN, ETC.
Lugar de publicación, distribución, etc. [San Juan] Puerto Rico :
Nombre del editor, distribuidor, etc. Editorial San Juan,
Fecha de publicación, distribución, etc. 1972.
300 ## - DESCRIPCIÓN FÍSICA
Extensión ix, 282 p.
Otras características físicas port.
Dimensiones 15 cm.
500 ## - NOTA GENERAL
Nota general Previous ed., 1891, has title: La isla de Puerto-Rico.
504 ## - NOTA DE BIBLIOGRAFÍA, ETC.
Nota de bibliografía, etc. Bibliography: p. 237-240.
651 #0 - PUNTO DE ACCESO ADICIONAL DE MATERIA--NOMBRE GEOGRÁFICO
Nombre geográfico Puerto Rico
Subdivisión general History
Subdivisión cronológica To 1898.
700 1# - ENTRADA AGREGADA--NOMBRE PERSONAL
Nombre de persona Marrero, Leví,
Término indicativo de función/relación editor.
700 2# - ENTRADA AGREGADA--NOMBRE PERSONAL
Nombre de persona Sendras y Burín, Antonio,
Término indicativo de función/relación joint author.
942 ## - ELEMENTOS DE ENTRADA SECUNDARIOS (KOHA)
Fuente del sistema de clasificación o colocación Clasificación de Library of Congress
Tipo de ítem Koha
985 ## -
-- OCLC REPLACEMENT cdsdistr
Holdings
Estatus retirado Estado de pérdida Fuente del sistema de clasificación o colocación Estado de daño No para préstamo Colección Biblioteca de origen Biblioteca actual Ubicación en estantería Fecha de adquisición Serial enumeration / chronology Signatura topográfica completa Código de barras Visto por última vez Copia número Tipo de ítem Koha
    Clasificación de Library of Congress     Recursos Regionales Biblioteca Juan Bosch Biblioteca Juan Bosch Recursos Regionales (2do. Piso) 10/04/2023 1 117 F 1973 G633b 1972 00000038965 23/10/2018 1